书目信息 |
| 题名: |
工业设计与人工智能
|
|
| 作者: | 王蓉 著 | |
| 分册: | ||
| 出版信息: | 长春 吉林美术出版社 2019 |
|
| 页数: | 159页 | |
| 开本: | 24cm | |
| 丛书名: | ||
| 单 册: | ||
| 中图分类: | TB47 , TP18 | |
| 科图分类: | ||
| 主题词: | 工业设计--gong ye she ji , 人工智能--ren gong zhi neng | |
| 电子资源: | ||
| ISBN: | 978-7-5575-3451-6 | |
| 000 | 00973nam0 2200265 450 | |
| 001 | 012001002975 | |
| 005 | 20140126112654.0 | |
| 010 | @a978-7-5575-3451-6@dCNY39.00 | |
| 099 | @aCAL 012019036208 | |
| 100 | @a20190308d2019 em y0chiy50 ea | |
| 101 | 0 | @achi |
| 102 | @aCN@b220000 | |
| 105 | @aa z 000yy | |
| 106 | @ar | |
| 200 | 1 | @a工业设计与人工智能@Agong ye she ji yu ren gong zhi neng@f王蓉著 |
| 210 | @a长春@c吉林美术出版社@d2019 | |
| 215 | @a159页@c图@d24cm | |
| 330 | @a本书介绍了在当今科技高速发展的数字化时代, 如何运用模拟人类认知心理过程的人工智能替代人类大脑活动的智能化技术开始起步的, 并详细解读了模拟人类思维过程进行工业设计的概念设计, 以及预计人工智能在未来数字时代的工业设计领域中, 将对社会的发展起到促进作用。 | |
| 606 | 0 | @a工业设计@Agong ye she ji |
| 606 | 0 | @a人工智能@Aren gong zhi neng |
| 690 | @aTB47@v5 | |
| 690 | @aTP18@v5 | |
| 701 | 0 | @a王蓉@Awang rong@4著 |
| 801 | 0 | @aCN@b北京卓展@c20191020 |
| 905 | @b1204952-5@dTB47@e545@f4 | |
| 工业设计与人工智能/王蓉著.-长春:吉林美术出版社,2019 |
| 159页:图;24cm |
| ISBN 978-7-5575-3451-6:CNY39.00 |
| 本书介绍了在当今科技高速发展的数字化时代, 如何运用模拟人类认知心理过程的人工智能替代人类大脑活动的智能化技术开始起步的, 并详细解读了模拟人类思维过程进行工业设计的概念设计, 以及预计人工智能在未来数字时代的工业设计领域中, 将对社会的发展起到促进作用。 |
| ● |
| 相关链接 |
|
|
|
|
正题名:工业设计与人工智能
索取号:TB47/545
 
预约/预借
| 序号 | 登录号 | 条形码 | 馆藏地/架位号 | 状态 | 备注 |
| 1 | 1204952 | 212049521 | 第二样本阅览室/ [索取号:TB47/545] | 在馆 | |
| 2 | 1204953 | 212049530 | 第三借阅区/ [索取号:TB47/545] | 在馆 | |
| 3 | 1204954 | 212049549 | 第三借阅区/ [索取号:TB47/545] | 在馆 | |
| 4 | 1204955 | 212049558 | 第三借阅区/ [索取号:TB47/545] | 在馆 |